| 000 | 01698nam a2200277 a 4500 | ||
|---|---|---|---|
| 001 | 77713 | ||
| 003 | BD-RjUL | ||
| 005 | 20211209083020.0 | ||
| 008 | 201231b1989 bg a|||| m||| 00| 0 ben d | ||
| 035 | _a(BD-RjUL)77939 | ||
| 040 |
_aBD-RjUL _bben /eng _cBD-RjUL |
||
| 041 | _aben | ||
| 082 |
_a954.14 _bKHM 1989 _223 |
||
| 100 |
_aখাতুন, মাহমুদা _9243103 |
||
| 245 | 1 | 0 |
_aমঙ্গলকাব্যে বাংলার মধ্যযুগীয় সমাজ / _cমাহমুদা খাতুন ; _6গবেষণা তত্বাবধায়ক: শাহানারা হোসেন |
| 260 |
_aরাজশাহী: _bইতিহাস বিভাগ , রাজশাহী বিশ্ববিদ্যালয় , _c১৯৮৯ |
||
| 300 |
_a[৮], ২৩৮ পাতা : _c২৯ সেমি. |
||
| 502 | _aথিসিস (এম. ফিল ) -- ইতিহাস বিভাগ , রাজশাহী বিশ্ববিদ্যালয় ১৯৮৯. | ||
| 504 | _aগ্রন্থপঞ্জি : পাতা ২২৬ -২৩৮ | ||
| 650 |
_aবাংলা কবিতা _xইতিহাস ও সমালোচনা _9243258 _y১৩০০-১৮০০ খ্রিষ্টাব্দ |
||
| 650 |
_aBengali Poetry _xHistory and Criticism _9243259 _y1300-1800 A. D. |
||
| 651 |
_aভারত _zবঙ্গ _xইতিহাস _y১৩০০-১৮০০ খ্রিষ্টাব্দ _9243260 |
||
| 651 |
_aIndia _zBengal _xHistory _y1300-1800 A. D. _9243261 |
||
| 700 |
_aহোসেন, শাহানারা, গবেষণা তত্বাবধায়ক _9243106 |
||
| 942 |
_2ddc _cTHE |
||
| 999 |
_c77713 _d77713 |
||